Banská Štiavnica Pohľad z Nového zámku

Bibliographic Details
Format: Photo
Language:Slovak
PhysicalDescription:1 pohľadnica čiernobiela 11x15 cm
Published: [Bratislava] SVPL 1959
Subjects:

MARC

LEADER 00000nkmaa2200000 a 4500
001 vtls010627414
003 SK-MaSNL
005 20260425230557.0
007 kh bo
008 230802s1959 xo ||00 k|slo
035 |a 1B18576F-7A5E-4BF9-8853-8A3F2785F4AA 
035 |a urn:nbn:sk:snk-kmxw2s 
035 |a urn:nbn:sk:snk-km001kqi 
040 |a SNKLA  |b slo  |c SNKLA  |e AACR2 
041 0 |a slo 
044 |a xo  |c SK 
245 0 0 |a Banská Štiavnica  |h [grafika]  |b Pohľad z Nového zámku 
260 |a [Bratislava]  |b SVPL  |c 1959 
300 |a 1 pohľadnica  |b čiernobiela  |c 11x15 cm 
651 7 |a Banská Štiavnica (Slovensko)  |2 SNKPH  |9 16373 
651 7 |a Slovensko  |2 SNKPH  |9 14231 
655 7 |a geografické pohľadnice  |2 SNKPH  |9 70522 
852 |a Slovenská národná knižnica  |b Literárny archív 
958 |a BLA 
999 |c 679814  |d 681744 
952 |a SNKLA  |b SNKLA  |c SNKLA_DEP  |y NEVYP  |7 0  |p 17A1006045  |o snkPB 10/109  |i snkLA 3468/1975  |0 0  |1 0  |4 0  |d 2014-10-13  |f 1  |l 0  |r 2026-02-23 19:53:42  |w 2026-02-23